Gaming Quiz

Random Gaming or Nintendo Quiz

Bowser's Koopalings Quiz Stats

 Plays Quiz Updated Nov 10, 2014

Score 0/7 Timer 02:00
0 Plays Today
Name % Correct
Iggy Koopa
84.7%
Ludwig von Koopa
83.3%
Wendy O. Koopa
82.8%
Lemmy Koopa
78.5%
Roy Koopa
77.3%
Morton Koopa, Jr.
76.1%
Larry Koopa
74.7%

You're not logged in!

Compare scores with friends on all Sporcle quizzes.
OR
Log In

Sporcle TV

Today on Sporcle TV


Watch our educational content, quiz creation guides, and fun videos on Sporcle TV.

Show Comments

Extras

Top Quizzes Today


Score Distribution

Your Account Isn't Verified!

In order to create a playlist on Sporcle, you need to verify the email address you used during registration. Go to your Sporcle Settings to finish the process.

Report this User

Report this user for behavior that violates our Community Guidelines.

Details: